000170667 001__ 170667 000170667 005__ 20260429150229.0 000170667 037__ $$aTAZ-TFM-2025-119 000170667 041__ $$aspa 000170667 1001_ $$aTorres Bolea, Víctor 000170667 24200 $$aAutomoción Valencia VS Société Industrielle 000170667 24500 $$aAutomoción Valencia VS Société Industrielle 000170667 260__ $$aZaragoza$$bUniversidad de Zaragoza$$c2025 000170667 506__ $$aby-nc-sa$$bCreative Commons$$c3.0$$uhttp://creativecommons.org/licenses/by-nc-sa/3.0/ 000170667 520__ $$aEn este Trabajo de Fin de Máster, trato de desarrollar como se revolvería una disputa contractual entre las empresas Automoción Valencia y Société Industrielle. Profundizo en cuestiones relacionadas con el sometimiento de las partes a un Proceso de Mediación, en el marco de los métodos alternativos de resolución de conflictos (ADR, Alternative Dispute Resolution), además de tratar cuestiones del Derecho Internacional Privado, como la Competencia Judicial Internacional, el Derecho aplicable y el Reconocimiento y Ejecución de sentencias internacionales.<br /> 000170667 521__ $$aMáster Universitario en Abogacía 000170667 540__ $$aDerechos regulados por licencia Creative Commons 000170667 691__ $$a0 000170667 692__ $$a 000170667 700__ $$aChéliz Inglés, Mª del Carmen$$edir. 000170667 7102_ $$aUniversidad de Zaragoza$$b $$c 000170667 8560_ $$f799256@unizar.es 000170667 8564_ $$s986553$$uhttps://zaguan.unizar.es/record/170667/files/TAZ-TFM-2025-119.pdf$$yMemoria (spa) 000170667 909CO $$ooai:zaguan.unizar.es:170667$$pdriver$$ptrabajos-fin-master 000170667 950__ $$a 000170667 951__ $$adeposita:2026-04-29 000170667 980__ $$aTAZ$$bTFM$$cDER 000170667 999__ $$a20250202172453.CREATION_DATE